Heather - Conan Gray (All Lyrics) - Statistics

General Stats
  • This quiz has been taken 4,769 times
  • The average score is 186 of 211
Answer Stats
Heather % Correct
Verse 1 I
100%
You
98%
you
98%
a
97%
me
97%
me?
97%
your
97%
it
96%
sweater
96%
better
95%
like
94%
she
94%
as
93%
on
93%
then
93%
But
92%
by
92%
December
92%
eyes
92%
Heather
92%
her
92%
her?
92%
of
92%
said
91%
than
91%
Wish
91%
wish
91%
did
90%
looked
90%
remember
90%
third
90%
What
90%
Chorus Why
90%
gave
89%
how
89%
I'm
89%
i'm
89%
pretty
89%
still
89%
Pre-Chorus Walks
89%
kiss
88%
not
88%
were
88%
even
87%
ever
87%
half
87%
just
87%
would
87%
for
86%
in
86%
it's
86%
blue
85%
much
85%
sky
85%
sore
85%
watch
85%
Verse 2 Watch
85%
if
84%
polyester
84%
She's
84%
brighter
83%
die
83%
knew
83%
liked
83%
Only
83%
sight
83%
an
82%
got
81%
while
79%
mesmerised
73%
angel
66%
could
66%
dead
65%
hate
65%
such
63%
hand
59%
kinda
59%
again
58%
shoulder
56%
arm
55%
getting
54%
with
54%
colder
53%
now
53%
holding
48%
round'
48%
stands
46%
Put
42%
No matching quizzes found
Score Distribution
Percent of People with Each Score
Percentile by Number Answered
Your Score History
You have not taken this quiz